Social-psychological study of adolescent hippie element (Record no. 20223)

MARC details
000 -LEADER
fixed length control field 00387nam a2200145Ia 4500
082 ## - DEWEY DECIMAL CLASSIFICATION NUMBER
Classification number TP.0045
100 ## - MAIN ENTRY--AUTHOR NAME
Personal name Purankar, D.Y.
245 #0 - TITLE STATEMENT
Title Social-psychological study of adolescent hippie element
260 ## - PUBLICATION, DISTRIBUTION, ETC. (IMPRINT)
Year of publication 1979
Name of publisher Nagpur University
300 ## - PHYSICAL DESCRIPTION
Number of Pages 252, 96p. + C D - 47
650 ## - SUBJECT ADDED ENTRY--TOPICAL TERM
Topical Term HIPPIES - PSYCHOLOGY
650 ## - SUBJECT ADDED ENTRY--TOPICAL TERM
Topical Term ADOLESCENT PSYCHOLOGY
710 ## - ADDED ENTRY--CORPORATE NAME
Corporate name or jurisdiction name as entry element Pande, C.G.
942 ## - ADDED ENTRY ELEMENTS (KOHA)
Koha item type Thesis
Source of classification or shelving scheme Dewey Decimal Classification
Holdings
Withdrawn status Lost status Damaged status Not for loan Home library Current library Date acquired Bill Date Full call number Accession Number Price effective from Koha item type
        NASSDOC Library NASSDOC Library 08/10/2004 2004-10-22 TP.0045 18943 18/04/2019 Thesis